000 01063nam a2200217Ia 4500
001 271.778-DAS an ca (4390)
003 IT-MiSPE
008 171229s9999||||xx |||||||||||||| ||und||
040 _aIT-MiSPE
_cIT-MiSPE
041 _aITALIANO
100 _aAntonio Da Silva
245 0 _aIl cammino degli esercizi spirituali nel pensiero di don G. Alberione
_bRicerca sulle fonti della spiritualità della Famiglia Paolina...
250 _a1a ed. (v)
260 _aAriccia
_bCentro Spir. Paol.
_c1981
300 _a167 p.
_c24 cm
501 _aEdizioni San Paolo srl - Piazza Soncino, 5 - 20092 CINISELLO BALSAMO (MI) (non commercial uses only) ® Copyright 2018
520 _aIll., tav.
942 _cBK
957 _71
999 _a15680
_bNO
_g Copie: 1
_c347974
_d347974